书目信息 |
| 题名: |
马克思恩格斯生平事业年表
|
|
| 作者: | ;中共中央马、恩、列、斯著作编译局 编译 | |
| 分册: | ||
| 出版信息: | 北京 人民出版社 1976.08 |
|
| 页数: | 692页 | |
| 开本: | 21cm | |
| 丛书名: | ||
| 单 册: | ||
| 中图分类: | A7 | |
| 科图分类: | ||
| 主题词: | 马克思--生事迹 , 恩格斯--生平事迹 , 毛泽东--生平事迹 , 毛泽--传记 , 列宁--传记 , 马克思--传记 , 恩格斯--传记 , 列宁--生平事迹 | |
| 电子资源: | ||
| ISBN: | ||
| 000 | 00905nam0 2200277 45 | |
| 001 | 0404211771 | |
| 005 | 20060622160801.51 | |
| 010 | @dCNY1.70 | |
| 091 | @a11001.248 | |
| 100 | @a20040421d1976 km y0chiy0120 ea | |
| 101 | 0 | @achi |
| 200 | 1 | @a马克思恩格斯生平事业年表@AMa Ke Si En Ge Si Sheng Ping Shi Ye Nian Biao@f中共中央马、恩、列、斯著作编译局编译@Fzhong gong zhong yang ma、en、lie、si zhu zuo bian yi ju bian yi |
| 210 | @a北京@c人民出版社@d1976.08 | |
| 215 | @a692页@c画像@d21cm | |
| 606 | 0 | @a马克思@x生事迹 |
| 606 | 0 | @a恩格斯@x生平事迹 |
| 606 | 0 | @a毛泽东@x生平事迹 |
| 606 | 0 | @a毛泽@x传记 |
| 606 | 0 | @a列宁@x传记 |
| 606 | 0 | @a马克思@x传记 |
| 606 | 0 | @a恩格斯@x传记 |
| 606 | 0 | @a列宁@x生平事迹 |
| 690 | @aA7@v3 | |
| 711 | 02 | @a中共中央马、恩、列、斯著作编译局@Azhong gong zhong yang ma、en、lie、si zhu zuo bian yi ju@4编译 |
| 801 | @aCN@bPftUser@c20060622 | |
| 905 | @dA7@e1 | |
| 马克思恩格斯生平事业年表/中共中央马、恩、列、斯著作编译局编译.-北京:人民出版社,1976.08 |
| 692页:画像;21cm |
| ISBN :CNY1.70 |
| ● |
| 相关链接 |
|
|
|
|
正题名:马克思恩格斯生平事业年表
索取号:A7/1
 
预约/预借
| 序号 | 登录号 | 条形码 | 馆藏地/架位号 | 状态 | 备注 |
| 1 | 0022578 | 202191056 | 密集书库/ [索取号:A7/1] | 在馆 | |
| 2 | 0136248 | 202191010 | 密集书库/ [索取号:A7/1] | 在馆 | |
| 3 | 0136249 | 202190976 | 密集书库/ [索取号:A7/1] | 在馆 | |
| 4 | 0136250 | 202182547 | 密集书库/ [索取号:A7/1] | 在馆 | |
| 5 | 0136251 | 000954168 | 第一借阅区/ [索取号:A7/1] | 在馆 | |
| 6 | 0420281 | 204202816 | 密集书库/ [索取号:A7/1] | 在馆 | |
| 7 | 0420282 | 204202825 | 密集书库/ [索取号:A7/1] | 在馆 | |
| 8 | 0420283 | 204202834 | 密集书库/ [索取号:A7/1] | 在馆 | |
| 9 | 0420972 | 204209720 | 密集书库/ [索取号:A7/1] | 在馆 |